000
00459nam a2200145Ia 4500
008
100204s9999 xx 000 0 und d
082
_b
17721
100
_a
जोशी अ. स.
245
_a
पालखी सोहळा
260
_b
"इंद्र्रायणी साहित्य , पुणे"
_c
1994
300
_a
100
630
_a
पालखी सोहळा
730
_a
पालखी सोहळा
942
_c
BOOK
999
_c
462144
_d
462141